Propuestas libertarias para superar la crisis actual /

Uloženo v:
Podrobná bibliografie
Hlavní autor: Guevara Guth, Otto
Médium: Text
Tagy: Přidat tag
Žádné tagy, Buďte první, kdo vytvoří štítek k tomuto záznamu!

MARC

LEADER 00000 a a2200000 04500
001 17168
003
040
100 |a Guevara Guth, Otto  
245 |a Propuestas libertarias para superar la crisis actual /  |c Otto Guevara Guth 
773 |g volumen 8, número 1; páginas 353-388  
999 |c 37588  |d 37588